00393nam a2200133Ia 4500008004100000041000800041082001700049100001400066245012000080260002100200300000800221365001600229700001400245230718s9999 xx 000 0 und d aeng a005.678bDHA aDhar S.K. aBuilding Job Sites With JoomlabEstablish And Be In Charge Of A Job Site Using Easily Adaptable Joomla ! Extensions c2011bPackt Pub. a221 cRs.b300.00 aDhar S.K.